A practical guide to mentoring, coaching, and peer-networking : (Record no. 20119)
[ view plain ]
| 000 -LEADER | |
|---|---|
| fixed length control field | 02123cam a22003494a 4500 |
| 001 - CONTROL NUMBER | |
| control field | 13460717 |
| 003 - CONTROL NUMBER IDENTIFIER | |
| control field | OSt |
| 005 - DATE AND TIME OF LATEST TRANSACTION | |
| control field | 20230510123043.0 |
| 008 - FIXED-LENGTH DATA ELEMENTS--GENERAL INFORMATION | |
| fixed length control field | 040116s2004 enka b 001 0 eng |
| 010 ## - LIBRARY OF CONGRESS CONTROL NUMBER | |
| LC control number | 2004041836 |
| 015 ## - NATIONAL BIBLIOGRAPHY NUMBER | |
| National bibliography number | GBA4-X5302 |
| 020 ## - INTERNATIONAL STANDARD BOOK NUMBER | |
| International Standard Book Number | 0415317789 |
| 040 ## - CATALOGING SOURCE | |
| Transcribing agency | KABU |
| 042 ## - AUTHENTICATION CODE | |
| Authentication code | pcc |
| 043 ## - GEOGRAPHIC AREA CODE | |
| Geographic area code | e-uk--- |
| 050 00 - LIBRARY OF CONGRESS CALL NUMBER | |
| Classification number | LB1731 |
| Item number | .R49 2004 |
| 100 1# - MAIN ENTRY--PERSONAL NAME | |
| Personal name | Rhodes, Christopher |
| 245 12 - TITLE STATEMENT | |
| Title | A practical guide to mentoring, coaching, and peer-networking : |
| Remainder of title | teacher professional development in schools and colleges / |
| Statement of responsibility, etc. | Christopher Rhodes, Michael Stokes and Geoff Hampton. |
| 260 ## - PUBLICATION, DISTRIBUTION, ETC. (IMPRINT) | |
| Place of publication, distribution, etc. | London ; |
| -- | New York : |
| Name of publisher, distributor, etc. | RoutledgeFalmer, |
| Date of publication, distribution, etc. | 2004. |
| 300 ## - PHYSICAL DESCRIPTION | |
| Extent | xii, 137 p. : |
| 504 ## - BIBLIOGRAPHY, ETC. NOTE | |
| Bibliography, etc | Includes bibliographical references (p. [126]-132) and index. |
| 505 0# - FORMATTED CONTENTS NOTE | |
| Formatted contents note | Effective professional development: the internal and external environment -- Coaching, mentoring and peer-networking: changing practice and raising standards -- Developing coaching, mentoring and peer-networking in your own organisation: needs analysis to best practices -- Adult learning and reflective practice: what is professional learning? -- The key role of the team leader: developing skills and managing the process -- Leadership coaching: developing the profession by collaboration -- Raising performance and embedding change: modelling the standards and assessing impact -- Overcoming barriers: leadership and management issues in coaching, mentoring and peer-networking -- Towards a professional learning community: a new strategy for professional development. |
| 650 #0 - SUBJECT ADDED ENTRY--TOPICAL TERM | |
| Topical term or geographic name as entry element | Teachers |
| General subdivision | In-service training |
| Geographic subdivision | Great Britain. |
| 650 #0 - SUBJECT ADDED ENTRY--TOPICAL TERM | |
| Topical term or geographic name as entry element | Teachers |
| General subdivision | Professional relationships |
| Geographic subdivision | Great Britain. |
| 650 #0 - SUBJECT ADDED ENTRY--TOPICAL TERM | |
| Topical term or geographic name as entry element | Mentoring in education |
| Geographic subdivision | Great Britain. |
| 700 1# - ADDED ENTRY--PERSONAL NAME | |
| Personal name | Stokes, Michael, |
| Titles and other words associated with a name | senior lecturer. |
| 700 1# - ADDED ENTRY--PERSONAL NAME | |
| Personal name | Hampton, Geoff, |
| Dates associated with a name | 1952- |
| 856 42 - ELECTRONIC LOCATION AND ACCESS | |
| Materials specified | Publisher description |
| Uniform Resource Identifier | <a href="http://www.loc.gov/catdir/enhancements/fy0651/2004041836-d.html">http://www.loc.gov/catdir/enhancements/fy0651/2004041836-d.html</a> |
| 906 ## - LOCAL DATA ELEMENT F, LDF (RLIN) | |
| a | 7 |
| b | cbc |
| c | orignew |
| d | 1 |
| e | ocip |
| f | 20 |
| g | y-gencatlg |
| 942 ## - ADDED ENTRY ELEMENTS (KOHA) | |
| Source of classification or shelving scheme | Library of Congress Classification |
| Koha item type | General Collection |
| Withdrawn status | Lost status | Source of classification or shelving scheme | Not for loan | Home library | Current library | Date acquired | Cost, normal purchase price | Total Checkouts | Full call number | Barcode | Date last seen | Price effective from | Koha item type |
|---|---|---|---|---|---|---|---|---|---|---|---|---|---|
| Library of Congress Classification | Kabarak, Main Campus | Kabarak, Main Campus | 10/05/2023 | 7305.00 | LB1731 .R49 2004 c.1 | 032439 | 10/05/2023 | 10/05/2023 | General Collection | ||||
| Library of Congress Classification | Kabarak, Main Campus | Kabarak, Main Campus | 10/05/2023 | 7305.00 | LB1731 .R49 2004 c.2 | 032348 | 10/05/2023 | 10/05/2023 | General Collection |